02335nam a22002297a 450000500170000000700150001700800410003202000220007303500100009504000090010510000290011424501400014325600240028326000410030730000280034850013160037650602700169265000280196265000360199074000380202685600410206420240305165631.0cr|||| |||| 220502s2020 ea |||||s|||| 00||0 spa d a978-84-122527-5-0 a35593 avLex1 aMontero Hernanz, Tomás12aLa justicia penal juvenil en Iberoaméricah[Recurso electrónico] :bLibro homenaje a D. Elías Carranza /cTomás Montero Hernanz aServicio en línea aBarcelona:bJ.M. Bosch Editor,c2020 a1 recurso electrónico aAunque pudiera pensarse que entrados en el siglo XXI los derechos de la infancia están plenamente afianzados a nivel mundial, su reconocimiento es algo relativamente reciente y aún no asentado. En la formación y evolución de los sistemas nacionales de justicia juvenil han jugado un papel determinante los instrumentos internacionales, en particular la Convención sobre los Derechos del Niño de 1989. En el marco de Iberoamérica, los 22 países que conforman la Conferencia de Ministros de Justicia de Países Iberoamericanos (COMJIB) procedieron a su rápida ratificación y, salvo Argentina y Cuba, todos se han dotado de un marco normativo en materia de justicia juvenil post Convención. Pero esa aceptación jurídica de la Convención, ratificada por todos e incluso incorporada a sus constituciones de forma expresa por muchos, no siempre se corresponde con una aceptación material, una recepción real, en cuanto no es aplicada, y prueba de ello son los informes periódicos del Comité de Derechos del Niño, donde ningún país sale indemne. En esta obra se analizan, desde diversas ópticas, algunos aspectos generales de la justicia juvenil en Iberoamérica, así como aspectos concretos de 10 países de la región, a través de expertos referentes en la materia1 aDisponible solo en los productos indicadosdvLex GlobaldvLex Global (Academic Edition, excluding Law Schools)dvLex Global (U.S. Academic Edition, Law Schools)dvLex Global (U.S. Academic Edition, excluding Law Schools)dvLex Global (Academic Edition, Law Schools)04aDerecho PenalzEspaña04aDerecho InternacionalzEspaña0 avLex Libros (Servicio en línea)40uhttps://app.vlex.com/#/sources/35593